Vista normal
Vista MARC
Entrada Término temático
Número de registros utilizados en: 4
001 - NÚMERO DE CONTROL
- campo de control: 54398
003 - IDENTIFICADOR DEL NÚMERO DE CONTROL
- campo de control: OSt
005 - FECHA Y HORA DE LA ÚLTIMA TRANSACCIÓN
- campo de control: 20200615034611.0
008 - DATOS DE LONGITUD FIJA
- campo de control de longitud fija: 200615|| aca||aabn | a|a d
040 ## - FUENTE DE LA CATALOGACIÓN
- Centro catalogador/agencia de origen: OSt
- Centro/agencia transcriptor: OSt
150 ## - ENCABEZAMIENTO--TÉRMINO DE MATERIA
- Término de materia o nombre geográfico como elemento de entrada: CORRUPCIÓN POLÍTICA
- Subdivisión geográfica: REPÚBLICA DOMINICANA
- Subdivisión general: HISTORIA
- Subdivisión cronológica: SIGLO XX
670 ## - FUENTE DE DATOS ENCONTRADOS
- Cita de la fuente: Work cat.: (OSt)26807: Bosch, Juan 1909-2001 (Juan Emilio Bosch Gaviño) 54396, La fortuna de Trujillo /, 1985.
